| 000 | 01066 a2200229 4500 | ||
|---|---|---|---|
| 005 | 20080903111320.0 | ||
| 008 | 080903t xxu||||| |||| 00| 0 hin d | ||
| 010 | _aHIN-78903 | ||
| 020 | _c150.00 | ||
| 035 | _aHN-51249 | ||
| 037 | _bD.B.Act / pub | ||
| 082 | _a170 | ||
| 100 | _aपाराशर, अश्विनी | ||
| 245 |
_aचाणक्य-नीति _cअश्विनी पाराशन |
||
| 246 |
_aChanakya Niti _bAshwani Parashar |
||
| 260 |
_aदिल्ली _bअनिल प्रकाशन _c2005 |
||
| 270 |
_a2619,न्यू मार्किट,नई सड़क _bदिल्ली _e110006 |
||
| 300 |
_a152पृ _c22सेमी (सजिल्द) |
||
| 490 | _aसत्साहित्य ग्रंथमाला का अष्टम पुष्प-viii | ||
| 942 |
_adpl _cHN _k170 / पाराश _2ddc _h170 _mपाराश |
||
| 999 |
_c983 _d983 |
||